<?xml version="1.0" encoding="UTF-8"?><?xml-stylesheet type="text/xsl" href="static/style.xsl"?><OAI-PMH xmlns="http://www.openarchives.org/OAI/2.0/" xmlns:xsi="http://www.w3.org/2001/XMLSchema-instance" xsi:schemaLocation="http://www.openarchives.org/OAI/2.0/ http://www.openarchives.org/OAI/2.0/OAI-PMH.xsd"><responseDate>2026-06-29T02:43:14Z</responseDate><request verb="GetRecord" identifier="oai:docta.ucm.es:20.500.14352/111223" metadataPrefix="marc">https://docta.ucm.es/rest/oai/request</request><GetRecord><record><header><identifier>oai:docta.ucm.es:20.500.14352/111223</identifier><datestamp>2024-11-30T01:03:04Z</datestamp><setSpec>com_20.500.14352_14</setSpec><setSpec>col_20.500.14352_15</setSpec></header><metadata><record xmlns="http://www.loc.gov/MARC21/slim" xmlns:dcterms="http://purl.org/dc/terms/" xmlns:xsi="http://www.w3.org/2001/XMLSchema-instance" xmlns:doc="http://www.lyncode.com/xoai" xsi:schemaLocation="http://www.loc.gov/MARC21/slim http://www.loc.gov/standards/marcxml/schema/MARC21slim.xsd">
   <leader>00925njm 22002777a 4500</leader>
   <datafield ind2=" " ind1=" " tag="042">
      <subfield code="a">dc</subfield>
   </datafield>
   <datafield ind2=" " ind1=" " tag="720">
      <subfield code="a">Perea Unceta, José Antonio</subfield>
      <subfield code="e">author</subfield>
   </datafield>
   <datafield ind2=" " ind1=" " tag="260">
      <subfield code="c">2022</subfield>
   </datafield>
   <datafield ind2=" " ind1=" " tag="520">
      <subfield code="a">El conflicto de Ucrania, iniciado en febrero de 2022 con la invasión realizada por Rusia, tiene sus antecedentes en los iniciados en 2014 con la anexión de Crimea y la guerra secesionista de Donetsk y Lugansk. Rusia alega que debe excepcionarse la prohibición internacional del uso de la fuerza por el deber que tiene de asistencia a un pueblo que lucha por su libre determinación (en el marco de la doctrina de la secesión-remedio), porque su intervención tiene naturaleza humanitaria para impedir el genocidio de la población de origen ruso y por una legítima defensa preventiva motivada por un supuesto programa de armamento de destrucción masiva en Ucrania y por la adhesión a la OTAN. Estas alegaciones así como la categorización de los diferentes usos de la fuerza, las consecuencias jurídicas de la misma y las condiciones y alcance de la legítima defensa de Ucrania y de los países amigos son analizadas en este trabajo.</subfield>
   </datafield>
   <datafield ind1="8" ind2=" " tag="024">
      <subfield code="a">Perea Unceta, J.A., “El conflicto de Ucrania de 2022 visto desde los artículos 2 y 51 de la Carta de las Naciones Unidas”, en Revista Española de Derecho Militar, Nº 117, 2022, pp. 121-164</subfield>
   </datafield>
   <datafield ind1="8" ind2=" " tag="024">
      <subfield code="a">0034-9399</subfield>
   </datafield>
   <datafield ind1="8" ind2=" " tag="024">
      <subfield code="a">https://hdl.handle.net/20.500.14352/111223</subfield>
   </datafield>
   <datafield ind1="8" ind2=" " tag="024">
      <subfield code="a">https://bibliotecavirtual.defensa.gob.es/BVMDefensa/es/catalogo_imagenes/grupo.do?path=328462</subfield>
   </datafield>
   <datafield ind2="0" ind1="0" tag="245">
      <subfield code="a">El conflicto de Ucrania de 2022 visto desde los artículos 2 y 51 de la Carta de las Naciones Unidas</subfield>
   </datafield>
</record></metadata></record></GetRecord></OAI-PMH>